000 00761cam a2200253 4500
008 090401t1999 xxu||||| |||| 00| 0 eng d
020 _a1859413846
035 _a(Sirsi) u88935
041 _aeng
050 _a346.410434
100 _aMorris, John Rhys
245 _aPrinciples of landlord & tenant law.
250 _a2nd ed.
260 _aLondon
_bCavendish Publishing Ltd.
_c1999
300 _axxxii,377p. ; 25cm.
350 _a21.95
650 _aPROPERTY-LANDLORD AND TENANT-TENANCIES-AGRICULTURAL TENANCIES
650 _aBUSINESS TENANCIES
650 _aLEASES
650 _aPROPERTY-RESIDENTIAL PROPERTY-RESIDENTIAL LANDLORD AND TENANT-RESIDENTIAL TENANCIES
690 _aLandlord and tenant
_96252
942 _n0
948 _c13/10/1998
999 _c97403
_d97403